The Portrait of A Lady / (Record no. 167488)

MARC details
000 -LEADER
fixed length control field 00544nam a22001937a 4500
005 - DATE AND TIME OF LATEST TRANSACTION
control field 20220217163452.0
010 ## - LCCN (DPL NO)
LC control number ENG-126418
020 ## - INTERNATIONAL STANDARD BOOK NUMBER
International Standard Book Number 978-93-50331-06-4
Terms of availability 225.00
035 ## - SYSTEM CONTROL NUMBER
System control number EN-109950
037 ## - SOURCE OF ACQUISITION
Source of stock number/acquisition DBAD/PUB
082 ## - DEWEY DECIMAL CLASSIFICATION NUMBER
Classification number N
100 ## - MAIN ENTRY--PERSONAL NAME
Personal name James, Henry
245 ## - TITLE STATEMENT
Title The Portrait of A Lady /
Statement of responsibility, etc by Herny James
260 ## - PUBLICATION, DISTRIBUTION, ETC. (IMPRINT)
Place of publication, distribution, etc U.P
Name of publisher, distributor, etc Maple Press
Date of publication, distribution, etc 2017
270 ## - ADDRESS
City Noida
Address A-63,Secter 58,
Postal code 201301
Telephone number +91 120 4553581
-- 4553583
Electronic mail address info@maplepress.com.in
300 ## - PHYSICAL DESCRIPTION
Extent 544p.
Dimensions 22cm(pbk)
650 ## - SUBJECT ADDED ENTRY--TOPICAL TERM
Topical term or geographic name as entry element ENGLISH NOVEL
942 ## - ADDED ENTRY ELEMENTS (KOHA)
Source of classification or shelving scheme Dewey Decimal Classification
Item type English Books
Classification part N
Call number suffix JAM
Holdings
Withdrawn status Lost status Not for loan Collection code Home library Current library Date acquired Source of acquisition Cost, normal purchase price Full call number Barcode Copy number Cost, replacement price Koha item type
      Fiction Ashok Vihar Ashok Vihar 05/09/2019 DBAD/PUB 225.00 N JAM EN-109950 1 225.00 English Books

© Delhi Public Library
Hit Counter
free hit counter